01142cam a2200241 a 450000100060000000300090000600500170001500800410003202000250007304000130009804100080011108200210011910000280014024501190016826000640028730000330035150400640038450502870044865000420073565000450077765000550082270000230087711214IN-BhIIT20250911181616.0040910s2005 enka b 001 0 eng  a9780521540674 (pbk.) aIN-BhIIT aeng00a346.73048bBLA/I1 aBlair, Roger D.eAuthor10aIntellectual property :beconomic and legal dimensions of rights and remedies /cRoger D. Blair, Thomas F. Cotter. aCambridge ;aNew York :bCambridge University Press,c2005. aix, 304 p. :bill. ;c24 cm. aIncludes bibliographical references (p. 267-283) and index.0 aIntroduction -- The law and economics of IPRs -- A general theory of damages rules -- Departures from the general theory -- Liability standards for IPRs -- Who is an infringer? -- Who should be entitled to sue for infringement? -- Calculating monetary damages -- Concluding remarks. 0aIntellectual propertyzUnited States. 0aIntellectual propertyxEconomic aspects. 0aIntellectual property infringementzUnited States.1 aCotter, Thomas F.,